000 01020cab a2200241 4500
001 ABS36344
008 090401t1986 xxu||||| |||| 00| 0 eng d
035 _a(Sirsi) u75201
041 _aeng
100 _aJelley, Anthony D.
245 _aObtaining compensation for restrictions under the 1985 mineral working regulations
260 _c1986
350 _a0
490 _aLand & Minerals Surveying
_v4(5) May 1986, 243-248(5)
520 _aThis paper is an approach to some of the problems which may be met when preparing valuations for compensation purposes under the T&CP (Minerals) Act 1981 and the 1985 Regulations. It outlines briefly the types of order which may be made by the mineral planning authority and which may give rise to compensation under the Act.
650 _aMINERAL VALUATION
650 _aTOWN AND COUNTRY PLANNING (MINERALS) ACT 1981
690 _aMINING AND MINERALS
690 _aPLANNING LAW AND PRACTICE
690 _aRATING AND VALUATION
942 _n0
948 _c04/03/1997
999 _c47376
_d47376